000 00875nam a2200265 a 4500
003 BLK
005 20250721115200.0
007 ta
008 221104b bu |||||r|||| 00| | bu d
020 _a9789542730828
040 _aBLK
041 _aBUL
_cBUL
080 _9227592
_aБългарска литература
_b821.163.2
_x-31
_z821.163.2-31
084 _aЛ 24
100 _9394784
_aЛаптева, Гергана Гришева
245 _aТретият слой
_cГергана Лаптева
260 _9209434
_aСофия
_bЕгмонт България
_c2023
_fСофия : Ропринт
300 _a475 с.
_c21 см
380 _aX
500 _aЗа автора: с. 475
852 _aЦб 319858
_bЦб
856 _i0.00
_ldisable
942 _cKNG
_n0
_07
944 _a30570
_cМоника Янева
_k30575
_lМартин Енчев
999 _c496967
_d496967